Central Library and Information Centre
Sibsagar Girls' College, Sivasagar : Assam

ANWESHA (Record no. 7560)

MARC details
000 -LEADER
fixed length control field 00433cam a2200181ua 4500
008 - FIXED-LENGTH DATA ELEMENTS--GENERAL INFORMATION
fixed length control field 161122n1984 II |||gr||||Z||||||asm
040 ## - CATALOGING SOURCE
Original cataloging agency MAIN
041 ## - LANGUAGE CODE
-- English
082 ## - DEWEY DECIMAL CLASSIFICATION NUMBER
Classification number 891.451 BUR
100 ## - MAIN ENTRY--PERSONAL NAME
Personal name BURMAN , SIBNATH .
245 ## - TITLE STATEMENT
Title ANWESHA
260 ## - PUBLICATION, DISTRIBUTION, ETC.
Place of publication, distribution, etc. GOLAGHAT
Name of publisher, distributor, etc. BHARALI BOOK STALL
Date of publication, distribution, etc. 1984
300 ## - PHYSICAL DESCRIPTION
Extent 115.:
Dimensions 21CM.
700 ## - ADDED ENTRY--PERSONAL NAME
Personal name BURMAN , SIBNATH .,
Relator term AUTHOR.
942 ## - ADDED ENTRY ELEMENTS (KOHA)
Koha item type Books
653 ## - INDEX TERM--UNCONTROLLED
Uncontrolled term ASSAMESE LITERATURE
Holdings
Withdrawn status Lost status Damaged status Not for loan Collection code Home library Current library Shelving location Date acquired Full call number Barcode Date last seen Copy number Price effective from Koha item type
        REFASM Central Library and Information Centre Sibsagar Girls College Central Library and Information Centre Sibsagar Girls College   19.08.1980 891.451 BUR 06731 27.02.2020 1 27.02.2020 Books


Sibsagar Girl's College © 2020. All rights reserved.
Powered by Koha.
Maintained by Abhijit Borpuzari.